Za minutę pierwsza miłość / (Record no. 38)
[ view plain ]
| 000 -ETYKIETA REKORDU | |
|---|---|
| pole stałej długości | 00582nam a2200193 i 4500 |
| 001 - NUMER KONTROLNY REKORDU | |
| pole kontrolne | 9912871810605606 |
| 005 - DATA OSTATNIEJ MODYFIKACJI REKORDU | |
| pole kontrolne | 20260512194904.0 |
| 008 - DANE KONTROLNE (POLA STAŁEJ DŁUGOŚCI) | |
| pole stałej długości | 800101s1972----pl------------000-0-pol-d |
| 009 - STREFA OPISU FIZYCZNEGO POLA STAŁEJ DŁUGOŚCI DLA KOLEKCJI ARCHIWALNYCH [NIEUŻYWANE] | |
| pole stałej długości | b0000090010757 |
| 035 ## - NUMER SYSTEMOWY REKORDU | |
| Numer systemowy | 990000441290207662-48omnis_network |
| 035 ## - NUMER SYSTEMOWY REKORDU | |
| Numer systemowy | (Aleph)000044129MBP01 |
| 035 ## - NUMER SYSTEMOWY REKORDU | |
| Numer systemowy | (PL)b0000090010757 |
| 040 ## - INSTYTUCJA SPORZĄDZAJĄCA REKORD | |
| Instytucja, która przygotowała dane do khw | MBPWR |
| Instytucja, która wprowadziła rekord | MBPWR |
| 100 1# - HASŁO GŁÓWNE - NAZWA OSOBOWA | |
| Nazwa osobowa | Ożogowska, Hanna |
| Daty biograficzne | (1904-1995) |
| 245 00 - STREFA TYTUŁU I OZNACZENIA ODPOWIEDZIALNOŚCI | |
| Tytuł | Za minutę pierwsza miłość / |
| Pozostałe elementy strefy tytułu i oznaczenia odpowiedzialności | Hanna Ożogowska . |
| 260 ## - STREFA ADRESU WYDAWNICZEGO | |
| Miejsce wydania, dystrybucji itp. | Warszawa : |
| Nazwa wydawcy, dystrybutora itp. | "Nasza Księgarnia", |
| Data wydania, dystrybucji itp. | 1972 . |
| 942 ## - ADDED ENTRY ELEMENTS (KOHA) | |
| Źródło klasyfikacji lub schemat ustawienia na półkach | Inne/Ogólny schemat klasyfikacji |
| Typ egzemplarza Koha | Książki |
No items available.